| 000 | 00903nam a22002657a 4500 | ||
|---|---|---|---|
| 003 | UA-OsUOA | ||
| 001 | 70609 | ||
| 007 | ta | ||
| 008 | 20100908b un ||||| |||| 00| 0 ukr d | ||
| 090 |
_a659 _bВ38 |
||
| 942 | _cMG | ||
| 040 |
_aUA-OsUOA _brus _cUA-OsUOA _dUA-OsUOA |
||
| 245 |
_aВестник Московского университета. Серия 10. Журналистика _bИздательство Московского университета _cГлав. ред. Засурский Я.Н. |
||
| 300 | _a205 с. | ||
| 955 | _a1 | ||
| 041 | _arus | ||
| 080 | _a659 | ||
| 022 | _a0201-7385 | ||
| 260 | _aМ. | ||
| 246 | 3 | 1 |
_aНаучний журнал _n |
| 044 | _aRU | ||
| 962 | _a1946 | ||
| 099 | _a71010 | ||
| 650 | 7 |
_a659 Реклама. Система інформації. Громадська інформація та реклама (Паблик-Рилейшнз) _2UDC |
|
| 999 |
_c356879 _d356879 |
||